000 00651nam a22002297a 4500
003 UA-OsUOA
001 90471
007 ta
008 20121116b un ||||| |||| 00| 0 ukr d
100 _aМихайлюк Б.
090 _a821.161.2
_bМ69
942 _cBK
040 _aUA-OsUOA
_bukr
_cUA-OsUOA
_dUA-OsUOA
245 _aПравда кличе
_bпоезія, проза, публіцистика
300 _a190 с.
955 _a2
041 _aukr
080 _a821.161.2
260 _aДрогобич
_bВідродження
_c1996
650 7 _a82 Література. Літературознавство
_2UDC
999 _c376577
_d376577